000 01147nam a2200337 i 4500
001 13892
003 KOSZ 005
005 20210311131840.0
008 070915s1971 pl a f f 001 0 pol
015 _aPB 1971/4981
040 _aWA N
_cWA N
_dKOSZ 005/EG
046 _k1971
080 _a621.3
080 _a(075.8)
100 1 _aCholewicki, Tadeusz
_d(1907-1988)
_eAutor
245 1 0 _aElektrotechnika teoretyczna.
_nT. 2 /
_cTadeusz Cholewicki.
260 _aWarszawa :
_bWydawnictwa Naukowo-Techniczne,
_c1971.
300 _a519, [1] stron :
_bilustracje ;
_c25 cm.
336 _aTekst
_btxt
_2rdacontent
337 _aBez urządzenia pośredniczącego
_bn
_2rdamedia
338 _aWolumin
_bnc
_2rdacarrier
380 _aKsiążki.
388 _a1945-1989
504 _aBibliografia na stronach 515-[516]. Indeks.
658 _aInżynieria i technika
655 4 _aPodręczniki akademickie
650 4 _aElektrotechnika
710 2 _aWydawnictwa Naukowo-Techniczne
_4pbl.
856 _uhttp://koha.tu.koszalin.pl/cgi-bin/koha/opac-detail.pl?biblionumber=13892
_yKatalog online BPK
942 _2UKD
_cKS
999 _c13892
_d13892